[Event "Aix les Bains op 1st"]
[Site "Aix les Bains"]
[Date "2014.08.10"]
[Round "2"]
[White "Pepino, Enrico"]
[Black "Costa, Anthony"]
[Result "1-0"]
[WhiteElo "2193"]
[BlackElo "1754"]
[PlyCount "63"]
[EventDate "2014.08.10"]
[EventType "swiss"]
[EventRounds "7"]
[EventCountry "FRA"]
[SourceTitle "CBM 161 Extra"]
[Source "ChessBase"]
[SourceDate "2014.08.29"]
[SourceVersion "1"]
[SourceVersionDate "2014.08.29"]
[SourceQuality "1"]

1. e4 c5 2. Nf3 Nc6 3. d4 cxd4 4. Nxd4 g6 5. c4 Bg7 6. Nc2 d6 7. Be2 Nf6 8. Nc3 0-0 9. 0-0 Bd7 10. Rb1 Qc7 11. b3 a6 12. Bb2 Rfc8 13. Ne3 Qd8 14. Qd2 Na7 15. f4 b5 16. e5 Ne8 17. Rbd1 bxc4 18. Bxc4 Nb5 19. Ne4 h6 20. a4 Na7 21. exd6 Bxb2 22. Qxb2 Qb6 23. Qf2 Nxd6 24. Nxd6 exd6 25. Nd5 Qxf2+ 26. Rxf2 Rd8 27. Bxa6 Nc6 28. Bb5 Kg7 29. Nb6 Bg4 30. Nxa8 Bxd1 31. Bxc6 Rc8 32. Bd5 1-0

[Event "Saint Affrique op 22nd"]
[Site "Saint Affrique"]
[Date "2014.07.26"]
[Round "9.34"]
[White "Marie, Olivier"]
[Black "Costa, Anthony"]
[Result "0-1"]
[WhiteElo "1633"]
[BlackElo "1764"]
[PlyCount "68"]
[EventDate "2014.07.19"]
[EventType "swiss"]
[EventRounds "9"]
[EventCountry "FRA"]
[SourceTitle "CBM 161 Extra"]
[Source "ChessBase"]
[SourceDate "2014.08.29"]
[SourceVersion "1"]
[SourceVersionDate "2014.08.29"]
[SourceQuality "1"]

1. e4 c5 2. b3 Nc6 3. Na3 d6 4. Bb2 e6 5. c3 Nf6 6. f3 g6 7. Nh3 Bg7 8. Nf2 0-0 9. g3 d5 10. Nc2 dxe4 11. fxe4 b6 12. Qe2 Bb7 13. Bg2 Qc7 14. 0-0 Rfd8 15. Rac1 Rd7 16. Ne3 Rad8 17. d4 Ne7 18. Neg4 Ne8 19. a4 h5 20. Ne3 Qb8 21. g4 hxg4 22. Nfxg4 cxd4 23. Qf3 Nf5 24. Nc4 dxc3 25. Bxc3 Rd3 26. Bxg7 Rxf3 27. Be5 Rxf1+ 28. Rxf1 Qa8 29. Rf3 Bxe4 30. Rh3 Nfg7 31. Bf1 Rd1 32. Nce3 Rb1 33. Nf6+ Nxf6 34. Bxf6 Bd3 0-1

[Event "Saint Affrique op 22nd"]
[Site "Saint Affrique"]
[Date "2014.07.24"]
[Round "7"]
[White "Soissong, Elzbieta"]
[Black "Costa, Anthony"]
[Result "1-0"]
[WhiteElo "1620"]
[BlackElo "1764"]
[PlyCount "70"]
[EventDate "2014.07.19"]
[EventType "swiss"]
[EventRounds "9"]
[EventCountry "FRA"]
[SourceTitle "CBM 161 Extra"]
[Source "ChessBase"]
[SourceDate "2014.08.29"]
[SourceVersion "1"]
[SourceVersionDate "2014.08.29"]
[SourceQuality "1"]

1. d4 Nf6 2. Nf3 g6 3. e3 Bg7 4. b4 d6 5. Bb2 0-0 6. c4 Nbd7 7. Nbd2 a5 8. bxa5 Rxa5 9. Nb3 Ra8 10. Be2 Nb6 11. 0-0 Bg4 12. Nbd2 Na4 13. Qc1 Nxb2 14. Qxb2 b6 15. h3 Bf5 16. g4 Bc8 17. Qc2 h5 18. Nh2 hxg4 19. hxg4 Nd7 20. Bf3 Ra7 21. Rab1 e5 22. d5 Nc5 23. e4 f5 24. Rfe1 fxg4 25. Nxg4 Qg5 26. Qd1 Rxa2 27. Nf1 Bxg4 28. Bxg4 Rd2 29. Nxd2 Nd3 30. Rf1 Bh6 31. Nb3 Rf4 32. f3 Rxg4+ 33. fxg4 Qe3+ 34. Kg2 Nf4+ 35. Rxf4 exf4 1-0

[Event "Saint Affrique op 22nd"]
[Site "Saint Affrique"]
[Date "2014.07.20"]
[Round "2"]
[White "Costa, Anthony"]
[Black "Roubaud, Alexandre"]
[Result "0-1"]
[WhiteElo "1764"]
[BlackElo "2171"]
[PlyCount "66"]
[EventDate "2014.07.19"]
[EventType "swiss"]
[EventRounds "9"]
[EventCountry "FRA"]
[SourceTitle "CBM 161 Extra"]
[Source "ChessBase"]
[SourceDate "2014.08.29"]
[SourceVersion "1"]
[SourceVersionDate "2014.08.29"]
[SourceQuality "1"]

1. e4 e5 2. Bc4 Bc5 3. Nf3 Nc6 4. d3 Nf6 5. Nc3 d6 6. 0-0 Bg4 7. h3 Bh5 8. Be3 Nd4 9. Bxd4 Bxd4 10. Nd5 Nxd5 11. Bxd5 c6 12. c3 Bb6 13. Bb3 Qf6 14. Qe2 0-0-0 15. Bd1 Rdg8 16. a4 a6 17. Qd2 Bxf3 18. Bxf3 h5 19. Qe2 Qh6 20. g3 Kb8 21. Bg2 g6 22. Kh2 f5 23. f4 h4 24. fxe5 hxg3+ 25. Kxg3 dxe5 26. Kh2 Qg5 27. Rf3 Rh4 28. Rg3 Qd8 29. Rd1 Bc7 30. Bf3 Rgh8 31. Qg2 g5 32. Kg1 g4 33. hxg4 f4 0-1

[Event "La Rosiere op"]
[Site "Bourg Saint Maurice"]
[Date "2013.08.30"]
[Round "6"]
[White "Costa, Anthony"]
[Black "Roche, Yves"]
[Result "1-0"]
[WhiteElo "1695"]
[BlackElo "1909"]
[PlyCount "97"]
[EventDate "2013.08.25"]
[EventType "swiss"]
[EventRounds "7"]
[EventCountry "FRA"]
[SourceTitle "EXT 2015"]
[Source "ChessBase"]
[SourceDate "2014.11.20"]
[SourceVersion "1"]
[SourceVersionDate "2014.11.20"]
[SourceQuality "1"]

1. e4 c5 2. Nc3 Nc6 3. Bb5 Nd4 4. Bd3 d6 5. f4 h5 6. h3 e5 7. Nf3 exf4 8. Nxd4 Qh4+ 9. Kf1 cxd4 10. Bb5+ Kd8 11. Nd5 Nf6 12. d3 Ng4 13. Qe1 Qxe1+ 14. Kxe1 Ne3 15. Bxe3 fxe3 16. c3 dxc3 17. bxc3 f5 18. exf5 Bxf5 19. Nxe3 Bg6 20. Kd2 Be7 21. h4 a6 22. Ba4 b5 23. Bb3 Rf8 24. Raf1 Kd7 25. g3 Rae8 26. Nd5 Bd8 27. Nf4 Bf7 28. Bxf7 Rxf7 29. Nxh5 Rfe7 30. Re1 Rxe1 31. Rxe1 g5 32. Rxe8 Kxe8 33. hxg5 Bxg5+ 34. Kc2 Kd7 35. Kb3 Kc6 36. Nf4 a5 37. a4 Bf6 38. axb5+ Kxb5 39. c4+ Kc6 40. Nd5 Bg7 41. Ka4 Kc5 42. Kxa5 Be5 43. Nf4 Kd4 44. Kb5 Ke3 45. Kc6 Kf3 46. Kd5 Kxg3 47. Ng6 Bf6 48. Kxd6 Kf3 49. Kd5 1-0

[Event "La Rosiere op"]
[Site "Bourg Saint Maurice"]
[Date "2013.08.25"]
[Round "1"]
[White "Galy, Christian"]
[Black "Costa, Anthony"]
[Result "0-1"]
[WhiteElo "1285"]
[BlackElo "1695"]
[PlyCount "70"]
[EventDate "2013.08.25"]
[EventType "swiss"]
[EventRounds "7"]
[EventCountry "FRA"]
[SourceTitle "EXT 2015"]
[Source "ChessBase"]
[SourceDate "2014.11.20"]
[SourceVersion "1"]
[SourceVersionDate "2014.11.20"]
[SourceQuality "1"]

1. d4 Nf6 2. Nf3 g6 3. e3 Bg7 4. Bd3 0-0 5. 0-0 d6 6. Nbd2 Nbd7 7. c3 e5 8. Re1 Re8 9. Bc2 h6 10. Re2 Nb6 11. Nh4 e4 12. g3 g5 13. Ng2 Bg4 14. h4 d5 15. Nf1 Qd7 16. Nh2 Bf3 17. b3 Qh3 18. Qf1 Bxe2 19. Qxe2 Qe6 20. Bd1 Nbd7 21. f3 exf3 22. Nxf3 Ne4 23. Qe1 Qh3 24. Nh2 Qxg3 25. Qxg3 Nxg3 26. h5 Nf6 27. Kf2 Nge4+ 28. Kf3 Nxc3 29. Bc2 Nce4 30. Ng4 Nxg4 31. Kxg4 Re6 32. Bb2 Rf6 33. Bxe4 dxe4 34. d5 Rf3 35. Bxg7 f5# 0-1